Manual práctico de infectología para el clínico pediatra / (Registro nro. 830)

Detalles MARC
000 -LEADER
fixed length control field 00671 am a2200217 a 4500
005 - FECHA ULTIMA MODIFICACION
control field 20240304120039.0
008 - CAMPO DE CONTROL (LIBRO)
fixed length control field 110406s199?||||ag d f |||| 001 0 spa d
020 ## - INTERNATIONAL STANDARD BOOK NUMBER
ISBN 9504362842
041 ## - CODIGO DE IDIOMA
Código de idioma del texto/pista de sonido o título separado spa
092 ## - SIGNATURA TOPOGRAFICA DEWEY LOCAL
número de clasificación 618.92
libristica 49
sección LOP
100 1# - ENTRADA PRINCIPAL--NOMBRE PERSONAL
Nombre personal López, Eduardo L.
9 (RLIN) 369
245 ## - TITULO PROPIAMENTE DICHO
Título Manual práctico de infectología para el clínico pediatra /
Mención de responsabilidad y remanente de la transcripción de la portada Eduardo L. López
250 ## - MENCION DE EDICION
Mención de edición 1a ed.
260 ## - PIE DE IMPRENTA
Lugar de publicación, distribución, etc Buenos Aires:
Nombre de la editorial, distribuidor, etc S/N;
Fecha de publicación 1990?.
300 ## - DESCRIPCION FISICA
Extension 460 p.
500 ## - NOTA GENERAL
Nota general López, E. L. (1990?). Manual práctico de infectología para el clínico pediatra. (1a ed.). Buenos Aires : S/N.
653 ## - TÉRMINO INDIZADO - PALABRAS CLAVES
Palabra clave Pediatria
653 ## - TÉRMINO INDIZADO - PALABRAS CLAVES
Palabra clave Infectología
930 ## - NUMERO DE INVENTARIO
Número de inventario 2266
942 ## - ADDED ENTRY ELEMENTS (KOHA)
Source of classification or shelving scheme Dewey Decimal Classification
Item type Libros
Existencias
Estado de retiro Existencia Estado general No para prestamo Ubicación permanente ubicación actual Sala de ubicación Fecha de adquisición Total Checkouts Número de clasificación Código de barras Date last seen Número de ejemplar Price effective from Koha tipo de elemento (item)
        Biblioteca Medicina Biblioteca Medicina Circulación 13/05/2011   618.92 49 LOP 2266 06/11/2014 ej.1 13/05/2011 Libros

UNIVERSIDAD NACIONAL DEL COMAHUE
Biblioteca de la Facultad de Ciencias Médicas
Sede Toschi: Los Arrayanes y Av. Toschi, Cipolletti  - Rio Negro
Sede Los Tordos:  Yrigoyen al 2211, Cipolletti - Rio Negro 

Teléfono: 0299 - 4774707 int 25
Contacto: biblioteca@facimed.uncoma.edu.ar
© 2011 - 2026